Points les plus au sud - Statistiques

Statistiques générales
  • Ce quiz a été pris 28 fois
  • Le résultat moyen est 2 sur 6
Statistiques - réponses
Hint Réponse % Correct
Capitale Wellington
96%
Ville de plus de 50 000 habitants Ushuaia
70%
Ville de plus de 500 000 habitants Melbourne
44%
Ville de plus de 100 000 habitants Puntas Arenas
7%
Village Puerto Toro
4%
Ville de plus de 1000 habitants Puerto Williams
4%
Aucun quiz correspondant
Distribution des résultats
% des personnes avec chaque résultat
Percentile par nombre de réponses
Votre historique - résultats
Vous n’avez pas pris ce quiz